AMERICAN ANTI MANAGEMENT THEORIES OF ORG (Record no. 21103)
[ view plain ]
| 000 -LEADER | |
|---|---|
| fixed length control field | 00347nam a2200133Ia 4500 |
| 008 - FIXED-LENGTH DATA ELEMENTS--GENERAL INFORMATION | |
| fixed length control field | 240624s9999 xx 000 0 und d |
| 041 ## - LANGUAGE CODE | |
| Language code of text/sound track or separate title | eng |
| 082 ## - DEWEY DECIMAL CLASSIFICATION NUMBER | |
| Classification number | 302.35 DON |
| 100 ## - MAIN ENTRY--PERSONAL NAME | |
| Personal name | DONALDSON LEX |
| 245 ## - TITLE STATEMENT | |
| Title | AMERICAN ANTI MANAGEMENT THEORIES OF ORG |
| 260 ## - PUBLICATION, DISTRIBUTION, ETC. | |
| Date of publication, distribution, etc. | 1995 |
| Place of publication, distribution, etc. | New York |
| Name of publisher, distributor, etc. | Cambridge University Press |
| 300 ## - PHYSICAL DESCRIPTION | |
| Extent | 280 : p. |
| 365 ## - TRADE PRICE | |
| Currency code | |
| Price amount | 28 |
| Withdrawn status | Lost status | Damaged status | Not for loan | Home library | Current library | Shelving location | Date acquired | Source of acquisition | Cost, normal purchase price | Full call number | Barcode | Date last seen | Copy number | Price effective from | Koha item type |
|---|---|---|---|---|---|---|---|---|---|---|---|---|---|---|---|
| IMTN | IMTN | Rack 6-A | 04/12/2013 | AP | 62.00 | 302.35 DON | 21103 | 06/24/2024 | 57.4 | 06/24/2024 | Books |